Návrh opatrení pre stabilizáciu návodných svahov vodných stavieb a brehov nádrží ohrozených abráziou
Guardado en:
| Autor principal: | |
|---|---|
| Otros Autores: | |
| Formato: | Manuscrito Libro |
| Lenguaje: | eslovaco |
| Publicado: |
Bratislava :
STU v Bratislave SvF,
2014
|
| Materias: | |
| Acceso en línea: | VAIS https://opac.crzp.sk/?fn=detailBiblioForm&sid=501BC45481E06D38221A7C038C20 |
| Etiquetas: |
Sin Etiquetas, Sea el primero en etiquetar este registro!
|
MARC
| LEADER | 00000ntm a22000003a 4500 | ||
|---|---|---|---|
| 001 | stu297703 | ||
| 005 | 20231115134013.2 | ||
| 008 | 140919s2014----xo------------------slo-d | ||
| 040 | |a STU |b slo | ||
| 041 | 0 | |a slo | |
| 044 | |a xo | ||
| 100 | 1 | |a Belko, Michal, |d 1985- |4 aut |u V |T SvF Stavebná fakulta |X 42097 |U V |Y 10 |7 A000042097 | |
| 242 | 0 | 0 | |a Design of the measures for stabilizing of upstream slopes of dams and banks of reservoirs threaten with abrasion |y eng |
| 245 | 1 | |a Návrh opatrení pre stabilizáciu návodných svahov vodných stavieb a brehov nádrží ohrozených abráziou | |
| 260 | |a Bratislava : |b STU v Bratislave SvF, |c 2014 | ||
| 650 | 7 | |a vodné stavby a vodné hospodárstvo |2 stusub | |
| 650 | 7 | |a Hydraulic and Water Resources Engineering |2 estusub | |
| 650 | 7 | |a surge |2 estusub | |
| 700 | 1 | |a Minárik, Marián, |d 1977- |4 ths |u V150 |U SvF Stavebná fakulta |T SvF Katedra geotechniky |X 785 |U V150 |Y 15 |7 A000000785 | |
| 856 | 4 | |a info a plný text |u http://is.stuba.sk/zp/portal_zp.pl?podrobnosti=100456 |3 VAIS | |
| 856 | 4 | |a CRZP |u https://opac.crzp.sk/?fn=detailBiblioForm&sid=501BC45481E06D38221A7C038C20 | |